| 000 | 00000nam##2200000za#4500 |
| 001 | 9.700389 |
| 003 | CaOODSP |
| 005 | 20210625000818 |
| 007 | cr ||||||||||| |
| 008 | 150407|1971||||xxc|||||o f|0| 0 eng|d |
| 040 | |aCaOODSP|beng |
| 043 | |an-cn--- |
| 086 | 1 |aA53-1425/1971E-PDF |
| 110 | 1 |aCanada.|bAgriculture Canada. |bInformation Services. |
| 245 | 10|aManagement of the western range / |h[electronic resource]|c[by] Robert W. Lodge ... [et al.] |
| 260 | |aOttawa - Ontario : |bAgriculture Canada. |c1971. |
| 300 | |a36p.|bfigs., illus., tables |
| 500 | |aHistorical publication digitized by Agriculture and Agri-Food Canada. |
| 590 | |a15-03-Supp|b2015-03-13 |
| 690 | 07|aPlant diseases|2gcpds |
| 720 | 1 |aLodge, Robert W. |
| 856 | 40|ahttp://publications.gc.ca|qPDF|s2525 KB|uhttps://publications.gc.ca/collections/collection_2015/aac-aafc/A53-1425-1971-eng.pdf |
| 986 | |aPublication 1425 |